謎解きチャレンジ#2 - Statistics

General Stats
  • This quiz has been taken 56 times
  • The average score is 3 of 6
Answer Stats
Picture Answer % Correct
SOY
87%
声かけ
68%
BIG
55%
カロリー
47%
DAY
21%
DIET
21%
No matching quizzes found
Score Distribution
Percent of People with Each Score
Percentile by Number Answered
Your Score History
You have not taken this quiz